Histoire de la philosophie ancienne et medievale : figures illustres
Αποθηκεύτηκε σε:
| Κύριος συγγραφέας: | |
|---|---|
| Μορφή: | Βιβλίο |
| Γλώσσα: | French |
| Δημοσίευση: |
Paris :
Bernard Grasset,
1998
|
| Θέματα: | |
| Ετικέτες: |
Προσθήκη ετικέτας
Δεν υπάρχουν, Καταχωρήστε ετικέτα πρώτοι!
|
MARC
| LEADER | 00000nam a2200000 i 4500 | ||
|---|---|---|---|
| 001 | 1/39730 | ||
| 008 | 030902s1998 fre d | ||
| 020 | |a 2-246-50991-2 | ||
| 035 | |l 10070679 | ||
| 040 | |a GR-MY-UA |b gre |e aacr | ||
| 041 | 0 | |a fre | |
| 082 | 0 | |a 180 | |
| 100 | 1 | |a Couloubaritsis, Lambros. | |
| 245 | 1 | 0 | |a Histoire de la philosophie ancienne et medievale : |b figures illustres / |c Lambros Couloubaritsis |
| 260 | |a Paris : |b Bernard Grasset, |c 1998 | ||
| 300 | |a 1316 p. | ||
| 650 | 0 | 0 | |a Philosophy, Ancient |x History. |
| 650 | 0 | 0 | |a Philosophy, Medieval |x History. |
| 852 | |a INST |b RHODES |e 20030902 |h 180 COU |p 005400020034 |q 005400020034 |t BK |y 0 | ||
| 901 | |a BIBL4-2003-3 | ||
| 909 | |a Ρ |b 105779 | ||
| 922 | |a 4ΕΛΗ |b 200308 |c ΕΠΕΑΕΚ2/ΤΜΣ |d ΜΙΧΑΛΟΠΟΥΛΟΣ | ||
| 950 | |a 124-2002-03-12 | ||
| 970 | |a ΚΟΥΛΑΚΙΟΤΗ |b ΛΙΤΣΑ |z 2003/10/08 | ||